| 000 | 00839nam a22002297a 4500 | ||
|---|---|---|---|
| 005 | 20240530110910.0 | ||
| 008 | 220214s2007 ua g 000 0 ara d | ||
| 017 |
_bمصر. دار الكتب _a2007/3217 |
||
| 020 | _a9789953361819 | ||
| 040 |
_aEG-CaGPL _cEG-CaGPL |
||
| 082 | 0 | 4 |
_221 _a327.73 / _bس ع |
| 100 | 0 | _aسهام القحطانى | |
| 245 | 1 | 2 |
_aالعذراء والرب : _bقراءة فى الخطاب السياسى الامريكى / _cسهام القحطانى |
| 250 | _aط. 1 | ||
| 260 |
_aبيروت : _bالمؤسسة العربية للدراسات والنشر، _c2007 |
||
| 300 |
_a287 ص. ؛ _c20 سم |
||
| 650 | 0 | 7 |
_2qrmak _aالتاريخ الامريكى |
| 650 | 0 | 7 |
_2qrmak _aالهوية الامريكية |
| 651 | _2qrmak | ||
| 942 |
_2ddc _cBK |
||
| 999 |
_c66287 _d66287 |
||